000 00243nam a22000977a 4500
999 _c5092
_d5092
008 161228b xxu||||| |||| 00| 0 eng d
020 _a9788184091700
100 _92204
_aSen.S
245 _aComputer Science-6
260 _aNew Delhi
_bFrank Book
_c2010